000 01054cam a22002535a 4500
001 13840445
005 20060105133436.0
008 050112s2004 okua 000 0 eng
010 _a 2005295063
020 _a9781593701642
040 _aDLC
_cDLC
082 _222
_a333.8232
_bPET
245 0 0 _aInternational Petroleum Encyclopedia :
_b2008/
_cEditor Joseph Hilyard
246 3 1 _aPetroleum encyclopedia.
260 _aTulsa, Oklahoma :
_bPennwell Corporation,
_cc2008
300 _a483p. :
_bcol. ill., maps ;
_c29 cm.
504 _aIncludes index.
650 0 _aPetroleum industry and trade.
_97010
650 0 _aPetroleum industry and trade
_vDirectories.
_97011
700 1 _aBusby, Rebecca L.
_97012
942 _2ddc
_cREFERENCE
999 _c12052
_d12052